The blessing. (Record no. 13242)

000 -LEADER
fixed length control field 00740nam a2200229 a 4500
001 - CONTROL NUMBER
control field :::00011060$&:&@@
003 - CONTROL NUMBER IDENTIFIER
control field OkBaRHE
005 - DATE AND TIME OF LATEST TRANSACTION
control field 20000607103405.0
008 - FIXED-LENGTH DATA ELEMENTS--GENERAL INFORMATION
fixed length control field s1986 j 000 0 eng u
040 ## - CATALOGING SOURCE
Transcribing agency
100 1# - MAIN ENTRY--PERSONAL NAME
Personal name Smalley, Gary.
245 14 - TITLE STATEMENT
Title The blessing.
Statement of responsibility, etc Gary Smalley & John Trent.
260 ## - PUBLICATION, DISTRIBUTION, ETC. (IMPRINT)
Place of publication, distribution, etc Nashville, TN., :
Name of publisher, distributor, etc T. Nelson
Date of publication, distribution, etc c1986
300 ## - PHYSICAL DESCRIPTION
Extent 238 p. ;
Dimensions 24 cm.
650 ## - SUBJECT ADDED ENTRY--TOPICAL TERM
Topical term or geographic name as entry element Blessing and Cursing
650 ## - SUBJECT ADDED ENTRY--TOPICAL TERM
Topical term or geographic name as entry element Family
General subdivision Religious Life
650 ## - SUBJECT ADDED ENTRY--TOPICAL TERM
Topical term or geographic name as entry element Parenting
General subdivision Religious Aspects
-- Christianity
650 ## - SUBJECT ADDED ENTRY--TOPICAL TERM
Topical term or geographic name as entry element Self-respect
General subdivision Religious Aspects
-- Christianity
700 ## - ADDED ENTRY--PERSONAL NAME
Personal name Trent, John T.
942 ## - ADDED ENTRY ELEMENTS (KOHA)
Source of classification or shelving scheme
Koha item type Books
Copies
Withdrawn status Damaged status Date acquired Shelving location Barcode Date last seen Full call number Not for loan Price effective from Copy number Permanent Location Source of classification or shelving scheme Koha item type Lost status
  2010-04-14General Stacks110602010-04-14BV 4526.2 .S52 2010-04-141RHEMA Bible Training College Books